| 000 | 01195nam0a2200277 4500 | ||
|---|---|---|---|
| 001 | RU\NLR\bibl\2011442 | ||
| 005 | 20250616213801.0 | ||
| 035 | _a(NLR Aleph) 001999977 | ||
| 090 |
_a4345314 _c4345314 |
||
| 100 | _a20130314f19601970|||y0rusy50 ca | ||
| 101 | 0 |
_arus _aeng |
|
| 102 | _aRU | ||
| 105 | _ay ||||||||| | ||
| 200 | 1 |
_aАнгло-русский словарь кинематографических терминов _dEnglish-russian dictionary of motion picture terminology _zeng |
|
| 210 |
_aМосква _cПредприятие "Патент" _d[196-?] |
||
| 215 |
_a11 с. _d20 |
||
| 510 | 1 |
_aEnglish-russian dictionary of motion picture terminology _zeng |
|
| 606 | 1 |
_aАнглийский язык _xТерминология кинематографическая _xСловари _xРусский язык _9969353 _3RU\NLR\auth\6644455 |
|
| 606 | 1 |
_aКиноискусство _jТерминологические словари _92541354 _3RU\NLR\auth\661504505 |
|
| 686 | _aЩ37я2 | ||
| 686 | _aШ143.21-491терм | ||
| 801 | 0 |
_aRU _bNLR _c20130314 _gRCR |
|
| 801 | 1 |
_aRU _bNLR _c20130314 |
|
| 942 | _cBOOK | ||
| 980 | _aNB | ||